000 00721nam a22002297a 4500
999 _c159489
_d159489
005 20181219163400.0
006 a|||||f|||| 00| 0
007 tc
008 180720b xxu||||| |||| 00| 0 eng d
010 _aB-218207-B-218210
020 _c41.00(Per set)
035 _aB-218207
037 _bA.I.C.B.
082 _aS
100 _aShartchandra
245 _aSelected Stories
_cby Sharatchandra
260 _aDelhi
_bA.C.I.B.
_cN.D.
270 _aSector-5, Rohini,
_bNew Delhi
_e110085
300 _a2V.,various pages.
_c30cm(HB).
942 _2ddc
_cBRLEN
_hS
_mSHA